00452 a2200157 4500003000500000005001700005040000900022082000800031245005500039260004500094300000900139650001600148942001200164999001900176952009900195Nust20170207153530.0 cNust a297 aMehboob-i-Khuda Ki Pyari Duainc Mazhar Rauf Ahsen aRawalpindib Mazhar Rauf Ahsen Publisher a96:p aDua, Siratt 2ddccBK c187947d187947 00102ddc40708NFICaMCSbMCSd2016-12-12l0o297 MEHpMCS34184r2016-12-08w2016-12-12yBK